| 000 | 01203cab a2200373 4500 | ||
|---|---|---|---|
| 001 | ABS46637 | ||
| 008 | 090401t1992 xxu||||| |||| 00| 0 eng d | ||
| 035 | _a(Sirsi) u58955 | ||
| 041 | _aeng | ||
| 100 | _aO`Donovan, T. | ||
| 245 | _aPPG7 - the countryside and the rural economy | ||
| 260 | _c1992 | ||
| 350 | _a0 | ||
| 490 |
_aCS Monthly : Rural Practice _v1(9) June 1992, 4-5(2) |
||
| 520 | _aReview of Planning Policy Guidance Note 7 on the countryside and rural economy looking in particular at its effects on diversification. | ||
| 650 | _aAGRICULTURAL BUILDINGS | ||
| 650 | _aAGRICULTURAL DWELLINGS | ||
| 650 | _aAREAS OF GREAT LANDSCAPE VALUE | ||
| 650 | _aAREAS OF OUTSTANDING NATURAL BEAUTY | ||
| 650 | _aENVIRONMENTALLY SENSITIVE AREAS | ||
| 650 | _aHORSES | ||
| 650 | _aNATIONAL PARKS | ||
| 650 | _aPERMITTED DEVELOPMENT RIGHTS | ||
| 650 | _aPLANNING POLICY GUIDANCE NOTE 7 | ||
| 650 | _aPPG7 | ||
| 650 | _aRURAL ECONOMY | ||
| 650 | _aSET ASIDE | ||
| 650 | _aSITES OF SPECIAL SCIENTIFIC INTEREST | ||
| 650 | _aSITES OF SPECIAL SCIENTIFIC INTEREST | ||
| 690 | _aPLANNING LAW AND PRACTICE | ||
| 690 | _aRURAL PRACTICE | ||
| 942 | _n0 | ||
| 948 | _c04/03/1997 | ||
| 999 |
_c36080 _d36080 |
||